Tilastot visalle Jemen-visa

Klikkaa tästä pelataksesi tätä visaa!

Yleistilastot

  • Tätä visaa on pelattu 50 kertaa
  • Keskiarvotulos 12 / 18

Vastaustilastot

VihjeVastaus% Oikein
NaapurimaatSaudi-Arabia
100%
NaapurimaatOman
98%
Virallinen kieliArabia
93%
Hallitseva uskontoIslam
90%
Lännessä sijaitseva meriPunainenmeri
88%
PääkaupunkiSanaa
78%
Lähin Afrikan valtio, sijaitsee alle 20 kilometrin päässäDjibouti
78%
Jemen oli hetkittäin tämän turkkilaisen valtakunnan eteläisin alueOsmanien valtakunta
76%
Lähes koko Jemenin juutalaisväestö pakeni tähän valtioon "Operaatio taikamatossa"Israel
73%
Erittäin suosittu juoma, jonka on ajateltu olevan peräisin JemenistäKahvi
66%
Jemen lakkautti tämän vuonna 1962, mutta sitä harjoitetaan yhäOrjuus
63%
Lehtikasvi, jota pureskellaan päihteenäKatpensas
51%
Nimeä jompi kumpi Jemeniksi vuonna 1990 yhdistyneistä valtioistaPohjois-Jemen /
Etelä-Jemen
51%
Kuten monissa valtioissa, Jemenissä on tällaisia aavikolla asuvia paimentolaisiaBeduiinit
46%
Suurin rannikkokaupunkiAden
41%
Suurin saariSokotra
39%
Šiialainen kapinallisryhmä, joka hallitsee valtion länsiosia (Alkaa kirjaimella H)Huthit
37%
Yllä olevalla olevia siistejä puitaDracaena cinnabari
34%

Tulosjakauma

Persentiili vastausten määrän mukaan

Jokaisen tuloksen saaneiden osuus

Tuloshistoriasi

Et ole pelannut tätä visaa